MARC

LEADER 00000nab a2200000 a 4500
001 vtls010640311
003 SK-MaSNL
005 20260305031802.0
008 141202 2014 xo m 000 0 slo
038 |a PPPK 
040 |a PPPKCL  |b slo  |c PPPK  |e AACR2 
041 0 |a slo 
044 |a xo  |c SK 
080 |a 75.058:06.063  |2 2001 
080 |a 33.3:06.063  |2 2001 
080 |a 069.9  |2 2001 
245 0 0 |a Na slovíčko s pani Annou Kostelničákovou  |c [autor] (lum) 
611 2 7 |a Kostelničákov ornament  |n (12. :  |d 2014 :  |c Spišská Stará Ves, Slovensko)  |2 pppkcl  |9 1610284 
648 7 |a 30.5.2014  |2 pppkcl  |9 1093332 
650 0 7 |a základné školy  |2 pppkcl  |9 1280 
650 0 7 |a Ornamentálna maľba a dekoračné umenie  |2 pppkcl  |9 1609553 
650 0 7 |a výtvarné súťaže  |2 pppkcl  |9 2910 
650 0 7 |a výstavy  |2 pppkcl  |9 2780 
651 7 |a Spišská Stará Ves (Slovensko)  |2 pppkcl  |9 54503 
651 7 |a Kežmarok (Slovensko : okres)  |2 pppkcl  |9 51824 
773 0 |t Zamagurské noviny : regionálny mesačník  |g Roč. III, č. 6 (2014), s. 13 
852 |a PPPK  |b KIS3GCP 
999 |c 3317439  |d 3319369